Beach walk around Eurasia - Statistics

General Stats
  • This quiz has been taken 58 times
  • The average score is 44 of 70
Answer Stats
Country % Correct
Spain
100%
Portugal
97%
France
92%
Belgium
89%
Denmark
89%
Germany
89%
Netherlands
89%
Spain
89%
Germany
86%
Poland
86%
Estonia
83%
Latvia
83%
Lithuania
83%
Russia
83%
Russia
83%
Cambodia
78%
China
78%
Finland
78%
North Korea
78%
North Korea
78%
Russia
78%
South Korea
78%
Thailand
78%
Vietnam
78%
Norway
75%
Sweden
75%
Bangladesh
72%
India
72%
Iran
72%
Iraq
72%
Kuwait
72%
Myanmar
72%
Oman
72%
Pakistan
72%
Saudi Arabia
72%
Saudi Arabia
72%
Qatar
69%
United Arab Emirates
69%
Malaysia
67%
Thailand
64%
Saudi Arabia
61%
Yemen
61%
Lebanon
58%
Oman
58%
Syria
56%
United Arab Emirates
56%
Egypt
53%
Jordan
53%
Turkey
53%
Israel
47%
Georgia
44%
Russia
44%
Ukraine
44%
Israel
42%
Albania
36%
Bulgaria
36%
France
36%
Greece
36%
Romania
36%
Spain
36%
Turkey
36%
Ukraine
36%
Croatia
31%
Italy
31%
Bosnia Herzegovina
28%
Croatia
28%
Monaco
28%
Montenegro
28%
Slovenia
28%
France
25%
No matching quizzes found
Score Distribution
Percent of People with Each Score
Percentile by Number Answered
Your Score History
You have not taken this quiz